[Event "Berlin"]
[Site "Berlin"]
[Date "1999.??.??"]
[Round "5"]
[White "Slobodjan, Roman"]
[Black "Glienke, Manfred"]
[Result "0-1"]
[WhiteElo "2550"]
[BlackElo "2385"]

1.Nf3 d5 2.g3 Nf6 3.Bg2 Bf5 4.d3 e6 5.O-O Be7 6.Nbd2 c6 7.Qe1 h6 8.e4 Bh7
9.Kh1 Na6 10.a3 dxe4 11.dxe4 Nc5 12.Ng1 O-O 13.f4 Re8 14.Nh3 Qd4 15.Nf2 a5
16.Qe2 Rad8 17.e5 Nd5 18.Nc4 b5 19.Nxa5 Rc8 20.Nb3 Qa4 21.Nxc5 Bxc5 22.Ne4 Be7
23.Rd1 Red8 24.b3 Qa7 25.Bd2 Ra8 26.c4 bxc4 27.bxc4 Qa6 28.Nd6 Rab8 29.Bf3 Nb6
30.Bb4 Bxd6 31.Bxd6 Rbc8 32.Rac1 Na4 33.Rd2 Rd7 34.g4 Rb7 35.Bg2 Rb3 36.Bb4 c5
37.Qd1 Rd3 38.Rxd3 Bxd3 39.Qxd3 cxb4 40.axb4 Nb2 41.Qd6 Qa3 42.Qd4 Qxb4 43.Bf1 Na4
44.f5 Nc5 45.Rd1 Ra8 46.f6 g6 47.Bg2 Rc8 48.h4 Qb3 49.Kh2 Kh7 50.Rd2 Qb1
51.Re2 Qc1 52.Kh3 Qa3+ 53.Re3 Qa5 54.Qc3 Qa2 55.Kg3 Rd8 56.Bf3 Rb8 57.Qa3 Qb1
58.Qxc5 Qg1+ 59.Kh3 Rb2  0-1

[Event "Berlin"]
[Site "Berlin"]
[Date "1999.??.??"]
[Round "6"]
[White "Lagunow, Alexander"]
[Black "Velicka, Petr"]
[Result "1-0"]
[WhiteElo "2435"]
[BlackElo "2440"]

1.Nf3 d5 2.g3 Bg4 3.Bg2 Nd7 4.c4 e6 5.d4 c6 6.Nbd2 Ngf6 7.O-O Bd6 8.Re1 O-O
9.e4 Bb4 10.cxd5 cxd5 11.e5 Ne4 12.Re3 Bxd2 13.Bxd2 Qb6 14.Bc3 Rac8 15.Qb3 Rc6
16.Bf1 Bxf3 17.Rxf3 Qxb3 18.axb3 a6 19.Bb4 Rfc8 20.Rd3 f5 21.f3 Ng5 22.h4 Nf7
23.Rc3 Nd8 24.Kf2 h5 25.Ke3 Kf7 26.Be2 Rxc3+ 27.bxc3 Nc6 28.Bd6 Ncxe5 29.dxe5 Rxc3+
30.Kd2 Rxb3 31.Rc1 Nb6 32.Rc7+ Kg8 33.g4 hxg4 34.fxg4 Nc4+ 35.Bxc4 dxc4 36.gxf5 exf5
37.e6 Rd3+ 38.Kc2 Rxd6 39.Rc8+ Kh7 40.e7 Re6 41.e8=Q Rxe8 42.Rxe8 Kg6 43.Re6+ Kh5
44.Rb6 Kxh4 45.Rxb7 g5 46.Kd1 Kg3 47.Ke1 g4 48.Kf1 f4 49.Kg1 f3 50.Rc7 f2+
51.Kf1 Kf3 52.Rxc4  1-0

[Event "Berlin Tegel-B"]
[Site "Berlin"]
[Date "1999.??.??"]
[Round "7"]
[White "Welling, Gerard"]
[Black "Schargorodskij, Maxim"]
[Result "1-0"]
[WhiteElo "2370"]
[BlackElo "2180"]

1.g3 d5 2.Nf3 e6 3.Bg2 Nf6 4.b3 Be7 5.Bb2 Nbd7 6.O-O b6 7.c4 Bb7 8.d3 c5
9.Nbd2 O-O 10.e3 Qc7 11.Qe2 Rfd8 12.e4 d4 13.Ne1 Ne8 14.f4 Nf8 15.e5 Bxg2
16.Qxg2 Rab8 17.Nef3 Qb7 18.g4 b5 19.Bc1 f5 20.exf6 Bxf6 21.Ne4 Be7 22.f5 exf5
23.gxf5 Rdc8 24.Bf4 Ra8 25.Ne5 Qb6 26.Kh1 a6 27.Ng5 Bf6 28.Qd5+  1-0

[Event "Bratto op 19th"]
[Site "Bratto"]
[Date "1999.??.??"]
[Round "8"]
[White "Rotstein, Arkadij"]
[Black "Skembris, Spyridon"]
[Result "0-1"]
[WhiteElo "2493"]
[BlackElo "2445"]

1.Nf3 d5 2.g3 Nf6 3.Bg2 g6 4.c4 c6 5.b3 Bg7 6.Bb2 O-O 7.d3 Re8 8.Nbd2 Nbd7
9.O-O e5 10.e4 dxe4 11.dxe4 Qc7 12.Qc2 b6 13.Bc3 a5 14.a3 c5 15.Qb2 Nh5 16.Ne1 Nb8
17.Nc2 Nc6 18.Ne3 Nd4 19.Bxd4 cxd4 20.Nd5 Qd8 21.b4 Nf6 22.c5 bxc5 23.bxc5 Be6
24.Nc4 Nxd5 25.exd5 Bxd5 26.Bxd5 Qxd5 27.Nb6 Qxc5 28.Rac1 Qe7 29.Nxa8 Rxa8
30.Qb6 Qxa3 31.Rc7 Qf3 32.Rfc1 h5 33.Rc8+ Rxc8 34.Rxc8+ Kh7 35.Qxa5 Qd1+
36.Kg2 e4 37.Qd5 Qf3+ 38.Kg1 h4 39.Qd8 Qd1+ 40.Kg2 h3+ 41.Kxh3 Qf1+ 42.Kg4 Qxf2
43.Rc5 d3 44.Rd5 f5+ 45.Kh3 Qf1+ 46.Kh4 Qg2 47.h3 Qd2 48.g4 Qf2+ 49.Kg5 fxg4
50.Rd7 Qf5+ 51.Kh4 Kh6 52.Rxg7 Qf2+ 53.Kxg4 Qf3+  0-1

[Event "Budapest FS09 Elo"]
[Site "Budapest"]
[Date "1999.??.??"]
[Round "3"]
[White "Jelic, Neven"]
[Black "Salamon, Ferenc"]
[Result "1-0"]
[WhiteElo "2095"]
[BlackElo "2065"]

1.Nf3 d5 2.g3 Bf5 3.Bg2 e6 4.O-O Nf6 5.Nh4 Bg6 6.d3 Be7 7.Nd2 Nbd7 8.e4 c6
9.Qe2 Bh5 10.Nhf3 Qc7 11.e5 Ng4 12.d4 Nh6 13.Re1 Nf5 14.c3 c5 15.Nb3 c4 16.Nbd2 Bg5
17.Nf1 Be7 18.h3 Bxf3 19.Qxf3 g6 20.Ne3 Ng7 21.Bd2 h5 22.b3 b5 23.Qe2 Rb8
24.b4 Nb6 25.Nd1 Na4 26.Be3 a5 27.a3 Nf5 28.Qc2 Nxe3 29.Nxe3 Ra8 30.f4 Kd7
31.h4 Ra7 32.Rf1 Nb6 33.Rab1 axb4 34.axb4 Rha8 35.Rb2 Ra3 36.Nd1 Ra1 37.Ne3 Rxf1+
38.Bxf1 Ra1 39.Ra2 Rxa2 40.Qxa2 Na4 41.Qa3 f6 42.Be2 fxe5 43.fxe5 Qd8 44.Bd1 Nb6
45.Qa7+ Kc6 46.Kf2 Qf8+ 47.Kg2 g5 48.Bxh5 gxh4 49.gxh4 Bxh4 50.Bf7 Be1 51.Nd1 Bd2
52.Kf1 Bg5 53.Ke2 Qc8 54.Ke1 Qd7 55.Qxd7+ Kxd7 56.Ke2 Ke7 57.Bg6 Na8 58.Nf2 Nb6
59.Nd1 Bh4 60.Kd2 Na8 61.Kc2 Nc7 62.Kd2 Kf8 63.Kc2 Kg7 64.Bh5 Kh6 65.Bg4 Kg5
66.Bh3 Kf4 67.Kd2 Kg3 68.Bf1 Kf3 69.Be2+ Ke4 70.Bh5 Bg5+ 71.Ke2 Bc1 72.Bg6+ Kf4
73.Bh7 Kg5 74.Nf2 Kh6 75.Bb1 Bg5 76.Ng4+ Kg7 77.Nf2 Be7 78.Kd2 Na6 79.Nd1 Kh6
80.Ke2 Kg5  1-0

[Event "Budapest FS09 Elo"]
[Site "Budapest"]
[Date "1999.??.??"]
[Round "7"]
[White "Jelic, Neven"]
[Black "Banhazi, Istvan"]
[Result "1/2-1/2"]
[WhiteElo "2095"]
[BlackElo "2105"]

1.Nf3 d5 2.g3 c5 3.Bg2 Nc6 4.O-O e5 5.d3 Be7 6.c4 d4 7.e4 g5 8.Ne1 Be6 9.f4 gxf4
10.gxf4 exf4 11.Bxf4 Qd7 12.Nd2 O-O-O 13.Ndf3 Bd6 14.Qd2 Nge7 15.Ng5 Rdf8
16.a3 Ng6 17.Bxd6 Qxd6 18.b4 Nce5 19.bxc5 Qxc5 20.Qb4 Qxb4 21.axb4 Kb8 22.Ra2 h6
23.Nxe6 fxe6 24.Raf2 Rxf2 25.Rxf2 Ng4 26.Rf7 Ne3 27.Bh3 e5 28.Kf2 Nf4 29.Bf1 Nd1+
30.Kf3 Ne3 31.Kf2 Rg8 32.Nf3 Nxf1 33.Kxf1 Nxd3 34.b5 Re8 35.Ke2 Nc5 36.Rf5 Nd7
37.Rh5 Re6 38.Rf5 a6 39.bxa6 bxa6 40.Rf7 Kc7 41.Nd2 Kd6 42.Rg7 a5 43.Nb3 a4
44.Nd2 Nc5 45.h4 Nd7 46.Rg8 Rf6 47.Ra8 Nc5 48.Rd8+ Kc7 49.Rd5 Nd7 50.Ra5 Rf4
51.Rxa4 Rxh4 52.Ra7+ Kc6 53.Ra6+ Kc5 54.Re6 Rh2+ 55.Kd3 Kb4 56.Kc2 d3+ 57.Kc1 Kc3
58.Nb1+ Kxc4 59.Re7 Nc5 60.Nd2+ Kc3 61.Nb1+ Kd4  1/2-1/2

[Event "Radulescu Memorial"]
[Site "Calimanesti"]
[Date "1999.??.??"]
[Round "9"]
[White "Ionescu, Constantin"]
[Black "Benkovic, Petar"]
[Result "1-0"]
[WhiteElo "2482"]
[BlackElo "2364"]

1.Nf3 d5 2.g3 Nf6 3.Bg2 e6 4.O-O Be7 5.c4 O-O 6.b3 b6 7.Bb2 Bb7 8.cxd5 exd5
9.d4 c5 10.Nc3 Re8 11.Rc1 Nbd7 12.Qc2 Rc8 13.Rfd1 a6 14.dxc5 Nxc5 15.Qb1 Bf8
16.e3 Rc7 17.Ng5 g6 18.b4 Ne6 19.Nge4 Nxe4 20.Nxe4 Rxc1 21.Qxc1 dxe4 22.Rxd8 Rxd8
23.Bf6 Rc8 24.Qd2 Bg7 25.Bxg7 Kxg7 26.Bh3 Rc6 27.Bxe6 Rxe6 28.Qd7 Bc6 29.Qd4+ Kg8
30.Qxb6 Bb5 31.Qd8+ Re8 32.Qc7 Re6 33.g4 h6 34.h4 Kg7 35.g5 hxg5 36.hxg5 Re8
37.Kg2 Re6 38.Kg3 Re8 39.Qc2 Kg8 40.Kf4 Bd3 41.Qc7 Bb5 42.Qa5 Bd3 43.a4 Bc4
44.Qb6 Bd3 45.Qb7 a5 46.b5  1-0

[Event "Cannes op"]
[Site "Cannes"]
[Date "1999.??.??"]
[Round "2"]
[White "Moisan, Fabrice"]
[Black "Sulava, Nenad"]
[Result "0-1"]
[WhiteElo "2190"]
[BlackElo "2466"]

1.Nf3 d5 2.g3 Nc6 3.d4 Bg4 4.Bg2 Qd7 5.h3 Bf5 6.c4 e6 7.Nc3 Bb4 8.Qb3 Nge7
9.O-O O-O 10.a3 Bxc3 11.Qxc3 dxc4 12.Qxc4 e5 13.Nxe5 Nxe5 14.dxe5 Bxh3 15.Bf4 Bxg2
16.Kxg2 Nd5 17.Rad1 c6 18.Bc1 Qe6 19.b3 Qxe5 20.e4 Nf6 21.f3 Rfd8 22.Qc2 Qe6
23.Bb2 Ne8 24.f4 f6 25.f5 Qf7 26.Rde1 Rd7 27.Re2 Rad8 28.e5 fxe5 29.Bxe5 Rd3
30.f6 Nxf6 31.Bxf6 gxf6 32.b4 Qd5+ 33.Kh2 Rd2 34.Qxd2 Qxd2 35.Rxd2 Rxd2+
36.Kh3 Kf7 37.Rf3 h5 38.Rc3 a6 39.Re3 f5 40.Rc3 Kf6 41.Re3 Ra2 42.Rc3 Kg5
43.Re3 f4 44.gxf4+ Kxf4 45.Re7 Rxa3+ 46.Kh4 b5  0-1

[Event "Cannes"]
[Site "Cannes"]
[Date "1999.??.??"]
[Round "2"]
[White "Giffard, Nicolas"]
[Black "Kljako, Damir"]
[Result "1-0"]
[WhiteElo "2369"]
[BlackElo "2239"]

1.Nf3 d5 2.g3 Nf6 3.Bg2 c6 4.O-O h6 5.d3 Bf5 6.Nbd2 e6 7.e3 Nbd7 8.Qe2 Be7
9.Kh1 O-O 10.Ne1 e5 11.e4 dxe4 12.dxe4 Bg4 13.f3 Bh5 14.Nd3 Qc7 15.b3 Nc5
16.Bb2 Nxd3 17.Qxd3 Rad8 18.Qc3 Nd7 19.Nc4 f6 20.f4 Be2 21.Rf2 Bxc4 22.Qxc4+ Kh8
23.Qe6 Bd6 24.Qf5 Bc5 25.Rff1 Bd4 26.Bxd4 exd4 27.Rfd1 c5 28.Bf1 Rfe8 29.Bc4 Nf8
30.Re1 Re7 31.a4 Qc8 32.Qh5 Qc6 33.Bb5 Qd6 34.a5 a6 35.Bd3 Rde8 36.Kg1 Ra8
37.Re2 b6 38.axb6 Qxb6  1-0

[Event "Cannes op"]
[Site "Cannes"]
[Date "1999.??.??"]
[Round "2"]
[White "Lamb, Harry"]
[Black "Nezar, Mustapha"]
[Result "1/2-1/2"]
[WhiteElo "2181"]
[BlackElo "2275"]

1.Nf3 d5 2.g3 Nf6 3.Bg2 Bf5 4.O-O Nbd7 5.d3 e5 6.Nbd2 c6 7.Re1 Be7 8.e4 dxe4
9.dxe4 Bg4 10.Nc4 Qc7 11.Ne3 O-O 12.Nxg4 Nxg4 13.Nh4 Bxh4 14.Qxg4 Be7 15.Bh6 Bf6
16.Be3 Rfd8 17.h4 Nf8 18.h5 Ne6 19.c3 Qe7 20.Rad1 b6 21.Rxd8+ Rxd8 22.Rd1 Rxd1+
23.Qxd1 Bg5 24.Bxg5 Nxg5 25.Qg4 Ne6 26.Qf5 Qg5 27.Qxg5 Nxg5 28.f3 Kf8 29.Kf2 Ke7
30.Ke3 Kd6 31.Bf1 g6 32.f4 Ne6 33.Be2 f6 34.hxg6 hxg6 35.Bc4 Nc5 36.b3 Ke7
37.Be2 g5 38.fxg5 fxg5 39.Bc4 a5 40.b4 Nd7 41.a3 Kd6 42.Be2 axb4 43.axb4 Nf6
44.Kd3 b5 45.Ke3 Kc7 46.Bd3 Kb6 47.Be2 c5 48.bxc5+ Kxc5 49.Kf3 b4 50.cxb4+ Kxb4
51.Ke3 Kc3 52.Bb5 Nh5 53.Kf3 Nf6 54.Ke3 Kb4 55.Bc6 Kc5 56.Ba4 Kd6 57.Kf3 Ke6
58.Bb3+ Ke7 59.Ba4 Kf7 60.Bc6 Kg6 61.Ba4 Ng8 62.Kg4 Nf6+ 63.Kf3 Ng8 64.Kg4 Nf6+  1/2-1/2

[Event "Cannes"]
[Site "Cannes"]
[Date "1999.??.??"]
[Round "3"]
[White "Anic, Darko"]
[Black "Rogic, Davor"]
[Result "0-1"]
[WhiteElo "2464"]
[BlackElo "2475"]

1.Nf3 d5 2.g3 Bg4 3.Bg2 Nd7 4.c4 e6 5.d4 Ngf6 6.O-O c6 7.Bf4 Be7 8.Nbd2 O-O
9.Re1 h6 10.e4 Nh5 11.Be3 dxe4 12.Nxe4 f5 13.Nc3 f4 14.Bd2 fxg3 15.fxg3 e5
16.dxe5 Bc5+ 17.Kh1 Nxg3+ 18.hxg3 Qe8 19.Be3 Qh5+ 20.Kg1 Rxf3 21.Bxc5 Rxg3
22.Qd2 Nxc5 23.Re3 Bf3 24.Rxf3 Qxf3 25.Rf1 Qe3+ 26.Qf2 Rf8 27.Qxe3 Rxf1+
28.Kxf1 Rxe3  0-1

[Event "Cannes"]
[Site "Cannes"]
[Date "1999.??.??"]
[Round "3"]
[White "Leski, Marc"]
[Black "Drasko, Milan"]
[Result "0-1"]
[WhiteElo "2392"]
[BlackElo "2505"]

1.Nf3 d5 2.g3 c6 3.Bg2 Bg4 4.O-O Nd7 5.d4 e6 6.Nbd2 Ngf6 7.Re1 Be7 8.e4 O-O
9.c3 Rc8 10.Qb3 Qb6 11.exd5 cxd5 12.Qxb6 Nxb6 13.Ne5 Bf5 14.Nb3 Bd6 15.Na5 Rc7
16.Bf1 h6 17.a4 Bc2 18.Bd3 Bxa4 19.b3 Be8 20.c4 Bb4 21.Ba3 Bxa3 22.Rxa3 Nc8
23.b4 b6 24.Nb3 dxc4 25.Bxc4 Nd6 26.Nd2 Bb5 27.Bb3 Rfc8 28.Kg2 Nd5  0-1

[Event "Cannes op"]
[Site "Cannes"]
[Date "1999.??.??"]
[Round "4"]
[White "Banas, Jan"]
[Black "Nezar, Mustapha"]
[Result "1/2-1/2"]
[WhiteElo "2416"]
[BlackElo "2275"]

1.Nf3 d5 2.g3 Nf6 3.Bg2 c6 4.O-O Bg4 5.b3 Nbd7 6.Bb2 e6 7.d3 a5 8.a3 Be7
9.Nbd2 a4 10.b4 O-O 11.c4 c5 12.bxc5 Nxc5 13.cxd5 exd5 14.h3 Bh5 15.Rc1 Qb6
16.Rb1 Qa6 17.Bc3 Rac8 18.Bb4 Rfe8 19.Rc1 Bf8 20.Re1 b6 21.Rc3  1/2-1/2

[Event "Cannes"]
[Site "Cannes"]
[Date "1999.??.??"]
[Round "4"]
[White "Lupu, Mircea Sergiu"]
[Black "Godena, Michele"]
[Result "1-0"]
[WhiteElo "2481"]
[BlackElo "2552"]

1.Nf3 d5 2.g3 Bg4 3.Bg2 c6 4.O-O Nd7 5.d4 Ngf6 6.Nbd2 e6 7.c3 Be7 8.Re1 O-O
9.e4 Rc8 10.h3 Bh5 11.e5 Ne8 12.Nf1 c5 13.Be3 Qb6 14.Qd2 cxd4 15.Bxd4 Qa6
16.Ne3 Nc7 17.a4 Na8 18.b4 Qc6 19.a5 Nc7 20.Ng4 Nb5 21.Rac1 Rfd8 22.Bf1 a6
23.Qf4 Qc7 24.Bd3 Nxd4 25.cxd4 Qb8 26.Ng5 Nf8 27.Rc5 b6 28.axb6 Qxb6 29.Rec1 Qb7
30.Kh2 h6 31.Nf3 Bg6 32.Bxg6 Nxg6 33.Qd2 Bxc5 34.bxc5 Qb3 35.Kg2 Kh7 36.Rc3 Qb1
37.Rc2 Rb8 38.Ne3 Qb4 39.Rc3 a5 40.h4 a4 41.h5 Ne7 42.g4 a3 43.Qd3+ Kg8 44.Rxa3 Qb1
45.Qxb1 Rxb1 46.Ra7 Kf8 47.g5 Rbb8 48.Ng4 Ra8 49.Rc7 Rac8 50.Rxc8 Rxc8 51.gxh6 gxh6
52.Nxh6 Kg7 53.Ng4 Nf5 54.Nf6 Kh6 55.Kh3 Ra8 56.Kg4 Ra1 57.Ne8 Ra4 58.Nd6 Nxd4
59.Nxd4 Rxd4+ 60.f4 Rd1 61.Nxf7+ Kg7 62.Ng5 d4 63.Kf3  1-0

[Event "Cannes op"]
[Site "Cannes"]
[Date "1999.??.??"]
[Round "5"]
[White "Sulava, Nenad"]
[Black "Rainfray, Arnaud"]
[Result "1-0"]
[WhiteElo "2466"]
[BlackElo "2322"]

1.Nf3 d5 2.g3 Nf6 3.Bg2 Bg4 4.c4 c6 5.Ne5 Bf5 6.cxd5 cxd5 7.Nc3 Nbd7 8.Qa4 e6
9.g4 Bc2 10.Nxf7 Kxf7 11.Qxc2 Nxg4 12.d4 Qh4 13.e4 Bb4 14.Bf4 dxe4 15.O-O Bxc3
16.bxc3 Ngf6 17.Bg3 Qg5 18.f3 e3 19.Rab1 Nb6 20.c4 Rac8 21.c5 Qd5 22.Qe2 Nc4
23.f4 Qxd4 24.Rxb7+ Kf8 25.c6 Nd6 26.f5 e5 27.Rb3 Nde4 28.Be1 Nd5 29.Rd3 Qc4
30.f6 gxf6 31.Qg4 Qxd3 32.Qxc8+ Kg7 33.Qg4+ Ng5 34.Qd7+ Kh6 35.Rxf6+  1-0

[Event "Cannes"]
[Site "Cannes"]
[Date "1999.??.??"]
[Round "5"]
[White "Delchev, Aleksander"]
[Black "Godena, Michele"]
[Result "1/2-1/2"]
[WhiteElo "2548"]
[BlackElo "2552"]

1.Nf3 d5 2.g3 Bg4 3.Bg2 Nd7 4.O-O e5 5.d3 Ngf6 6.Nbd2 Be7 7.e4 dxe4 8.dxe4 O-O
9.Qe2 c6 10.a4 a5 11.b3 Re8 12.Bb2 Bb4 13.Nc4 Qc7 14.Rad1 Bh5 15.h3 Rac8
16.g4 Bg6 17.Nh4 b5 18.axb5 cxb5 19.Ne3 Qc6 20.Nhf5 Bc5 21.Nd5 Nxd5 22.Rxd5 f6
23.Rfd1 Nb6 24.R5d3 Rc7 25.Bc1 Bf8 26.Bd2 a4 27.Rc3 Qd7 28.Bf1 Rxc3 29.Bxc3 Qc6
30.Ba5 Rb8 31.Ra1 Be8 32.c4 bxc4 33.Bxb6 Qxb6 34.Qxc4+ Bf7 35.Qxa4 Qxb3 36.Qxb3 Rxb3
37.Ra8 Rb7 38.Rc8 g6 39.Ne3 Rd7 40.Bc4 Rd4 41.f3 Bxc4 42.Nxc4 Rd1+ 43.Kg2 Rc1
44.Rc6 Rc2+ 45.Kf1 Rc1+ 46.Ke2 Bh6 47.Rc8+ Kg7 48.Rc7+ Kg8 49.Kd3 Rd1+ 50.Kc2 Rc1+
51.Kb2 Bf4 52.h4 h5 53.gxh5 gxh5 54.Kb3 Rb1+ 55.Ka4 Rh1 56.Kb5 Rxh4 57.Kc5 Rh1
58.Kd5 Rd1+ 59.Ke6 h4 60.Nd6 h3 61.Ne8 Bg5 62.Rc2 Rd3 63.Rf2 Rd2 64.Nxf6+ Kg7
65.Ng4 Rxf2 66.Nxf2 h2 67.Kxe5 Bh4 68.Nh1  1/2-1/2

[Event "Ceske Budejovice op"]
[Site "Ceske Budejovice"]
[Date "1999.??.??"]
[Round "1"]
[White "Freisler, Pavel"]
[Black "Sochor, Stanislav"]
[Result "1-0"]
[WhiteElo "2315"]
[BlackElo "2120"]

1.Nf3 d5 2.g3 c5 3.Bg2 Nc6 4.c4 e6 5.O-O Nf6 6.cxd5 exd5 7.d4 Be7 8.Nc3 O-O
9.Bg5 cxd4 10.Nxd4 h6 11.Be3 Re8 12.Rc1 Bg4 13.h3 Be6 14.Nxc6 bxc6 15.Na4 Qa5
16.Bc5 Rac8 17.b3 Bxc5 18.Rxc5 Qa6 19.e3 Bf5 20.Re1 Be4 21.Qd4 Nd7 22.Rcc1 c5
23.Qd2 Qb7 24.f3 Bf5 25.g4 Bg6 26.Red1 Rc7 27.Qxd5 Rxe3 28.Qxb7 Rxb7 29.f4 Rc7
30.f5 Bh7 31.Rxc5 Rxc5 32.Nxc5 Nf6 33.Ne4 Kf8 34.Nxf6 gxf6 35.Rd7 Re7 36.Rxe7 Kxe7
37.Kf2 Kd6 38.Ke3 Kc5 39.a3 h5 40.Bf3 hxg4 41.hxg4  1-0

[Event "Ceske Budejovice op"]
[Site "Ceske Budejovice"]
[Date "1999.??.??"]
[Round "6"]
[White "Hitzgerova, Gabriela"]
[Black "Sochor, Stanislav"]
[Result "1-0"]
[WhiteElo "2205"]
[BlackElo "2120"]

1.Nf3 d5 2.g3 Nf6 3.Bg2 e6 4.O-O Be7 5.d3 b6 6.Nbd2 c5 7.e4 Qc7 8.Re1 Nc6
9.Nf1 h6 10.h4 d4 11.e5 Nd7 12.h5 Bb7 13.Qe2 O-O-O 14.N1d2 Rdg8 15.c3 dxc3
16.bxc3 g6 17.hxg6 Rxg6 18.d4 Kb8 19.Ne4 cxd4 20.cxd4 Nb4 21.Ba3 Qc2 22.Nfd2 Qa4
23.Nc4 f5 24.exf6 Nxf6 25.Nxf6 Rxf6 26.Bxb4 Bxb4 27.Qe5+  1-0

[Event "Ceske Budejovice op"]
[Site "Ceske Budejovice"]
[Date "1999.??.??"]
[Round "9"]
[White "Brychta, David"]
[Black "Vaculik, Martin"]
[Result "1/2-1/2"]
[WhiteElo "2105"]
[BlackElo "2150"]

1.Nf3 d5 2.g3 Nf6 3.Bg2 Bf5 4.O-O e6 5.d4 h6 6.c4 c6 7.Nc3 Nbd7 8.Nd2 Be7
9.e4 dxe4 10.Ndxe4 O-O 11.Be3 Qa5 12.Nxf6+ Nxf6 13.Qb3 Qb4 14.Qxb4 Bxb4 15.Rfd1 Rfd8
16.h3 Rd7 17.a3 Bxc3 18.bxc3 Ne4 19.Rac1 Rad8 20.Re1 Nd6 21.Bf1 b6 22.f3 Nb7
23.g4 Bg6 24.Bf2 Na5 25.Re5 f6 26.Rxe6 Bf7 27.Ree1 Bxc4 28.Bxc4+ Nxc4 29.a4 Kf7
30.f4 Re8 31.f5 Rde7 32.Rxe7+ Kxe7 33.Kg2 Kf7 34.a5 Nxa5 35.c4 Nb3 36.Rc2 Rd8
37.d5 c5 38.Ra2 Na5 39.Rc2 Rd7 40.Kf3 Nb7 41.Rb2 Nd6 42.Rc2 a5 43.Bg3 Nc8
44.Ke4 Ke8 45.h4 Re7+ 46.Kf3 Kd7 47.Rb2 Re8  1/2-1/2

[Event "CUB-ch (Women)"]
[Site "CUB"]
[Date "1999.??.??"]
[Round "?"]
[White "Arribas, Maritza"]
[Black "Miguez, Daglay"]
[Result "1-0"]
[WhiteElo "2322"]
[BlackElo "2098"]

1.Nf3 d5 2.g3 Nf6 3.Bg2 Nbd7 4.O-O e5 5.d3 Bd6 6.Nc3 c6 7.e4 O-O 8.Bg5 d4
9.Ne2 h6 10.Bd2 Nc5 11.h3 Kh7 12.Nh2 Ng8 13.f4 Qb6 14.b3 f5 15.exf5 exf4
16.g4 Be5 17.Nf3 Bf6 18.Bxf4 Na6 19.Ng3 Nb4 20.g5 Nd5 21.gxf6 Nxf4 22.fxg7 Rf6
23.Ne5 Nxg2 24.Kxg2 Qc5 25.Qe2 Qd5+ 26.Qe4 Qc5 27.Ng4 Bd7 28.Nxf6+ Nxf6 29.Qh4 Kxg7
30.Qxf6+  1-0

[Event "CZE-chT2 9899"]
[Site "CZE"]
[Date "1999.??.??"]
[Round "?"]
[White "Hitzgerova, Gabriela"]
[Black "Kucera, Petr"]
[Result "0-1"]
[WhiteElo "2170"]
[BlackElo "2365"]

1.Nf3 d5 2.g3 Nf6 3.Bg2 c6 4.O-O Bg4 5.d3 e6 6.Nbd2 Nbd7 7.e4 Be7 8.Re1 O-O
9.e5 Ne8 10.h3 Bh5 11.g4 Bg6 12.Nf1 c5 13.Ng3 Nc7 14.g5 f6 15.gxf6 gxf6 16.Bh6 Rf7
17.h4 fxe5 18.Bg5 Bxg5 19.hxg5 Qf8 20.Qe2 Rc8 21.Rad1 Rf4 22.Rd2 e4 23.dxe4 Bxe4
24.Nxe4 Rxe4 25.Qd1 Rg4 26.Ne5 Nxe5 27.Rxe5 Qf4 28.Qe2 Rxg5 29.Rxg5+ Qxg5
30.Rd3 Kh8 31.Rg3 Qc1+ 32.Kh2 Qf4 33.Kh1 Rg8 34.Rf3 Qg5 35.Rg3 Qc1+  0-1

[Event "CZE-chT2 9899"]
[Site "CZE"]
[Date "1999.??.??"]
[Round "?"]
[White "Hornicek, Jiri"]
[Black "Cerny, Martin"]
[Result "0-1"]
[WhiteElo "2270"]
[BlackElo "2220"]

1.Nf3 d5 2.g3 Nf6 3.Bg2 c6 4.b3 Bg4 5.Bb2 e6 6.c4 Bxf3 7.Bxf3 Bd6 8.O-O Nbd7
9.d3 h5 10.cxd5 cxd5 11.e4 h4 12.exd5 exd5 13.Re1+ Kf8 14.Nc3 Qa5 15.d4 Rc8
16.Qd3 Bb4 17.Rac1 g6 18.a3 Bxc3 19.Bxc3 Qb6 20.Bd2 Rxc1 21.Rxc1 Kg7 22.Bf4 Re8
23.Bd2 h3 24.Re1 Rxe1+ 25.Bxe1 Nf8 26.Bd2 Ne6 27.Be3 Qa5 28.b4 Qa4 29.Be2 Qd7
30.f3 a6 31.Bf1 Nc7 32.g4 Nb5 33.Bxh3 Nd6 34.Bf1 Nc4 35.Bf4 Qe7 36.Qc3 b5
37.Be5 Kg8 38.a4 Nd7 39.axb5 axb5 40.Bf4 Nf8 41.Bc1 Qf6 42.g5 Qe7 43.f4 Ne6
44.Bh3 Nxd4 45.Qxd4 Qe1+ 46.Kg2 Qxc1 47.Bd7 Qe1 48.Bxb5 Ne3+ 49.Kf3 Nf5 50.Qb2 Qh1+
51.Kg4 Qg1+ 52.Kh3 Qe3+ 53.Kg4 Nd4 54.Qg2 Nxb5 55.Qxd5 Nd4 56.h4 Nf5 57.Qg2 Qb3
58.Qf2 Kh7 59.Qe2 Qg3+  0-1

[Event "CZE-chT2 9899"]
[Site "CZE"]
[Date "1999.??.??"]
[Round "?"]
[White "Hornicek, Jiri"]
[Black "Kolin, Julius"]
[Result "1-0"]
[WhiteElo "2270"]
[BlackElo "2175"]

1.Nf3 d5 2.g3 c6 3.Bg2 Bg4 4.b3 Bxf3 5.Bxf3 e5 6.Bb2 Nd7 7.O-O h5 8.c4 dxc4
9.bxc4 h4 10.Nc3 hxg3 11.fxg3 Qb6+ 12.e3 Qxb2 13.Rb1 Qa3 14.Rxb7 Qa6 15.Rc7 Rc8
16.Qa4 Rxc7 17.Qxa6 Ngf6 18.Bxc6 Be7 19.Nb5 Rxc6 20.Qxc6 O-O 21.Nxa7 e4 22.Nc8 Bb4
23.Rf4 Ne5 24.Qb7 Nd3 25.Rxf6 gxf6 26.Qxe4 Ne5 27.Nb6 Bxd2 28.c5 Rb8 29.Nd5 Kg7
30.Qf5 Ng6 31.c6  1-0

[Event "CZE-chT2 9899"]
[Site "CZE"]
[Date "1999.??.??"]
[Round "?"]
[White "Tobyas, Miroslav"]
[Black "Mozny, Milos"]
[Result "1-0"]
[WhiteElo "2310"]
[BlackElo "2385"]

1.Nf3 d5 2.g3 Nf6 3.Bg2 c5 4.O-O Nc6 5.d3 e6 6.Nbd2 Be7 7.e4 dxe4 8.dxe4 Qc7
9.Re1 O-O 10.c3 Rd8 11.Qc2 b6 12.e5 Ne8 13.Bf1 Bb7 14.Ne4 g6 15.Bf4 Na5 16.Qc1 c4
17.Bg5 Rd5 18.Qf4 b5 19.Bg2 Nc6 20.Bxe7 Nxe7 21.Neg5 Nf5 22.g4 Nfg7 23.Nd4 Rd7
24.Bxb7 Qxb7 25.Ne4 Rd5 26.Nf3 Rd3 27.Rad1 Rad8 28.Nc5 Qc7 29.Nxd3 cxd3 30.Re4 h5
31.h3 Qa5 32.a3 Rd5 33.Rd4 Nc7 34.Ng5  1-0

[Event "CZE-chT2V 9899"]
[Site "CZE"]
[Date "1999.??.??"]
[Round "?"]
[White "Cernousek, Lukas"]
[Black "Smajzr, Martin"]
[Result "0-1"]
[WhiteElo "2175"]
[BlackElo "2135"]

1.Nf3 d5 2.g3 Nf6 3.Bg2 e6 4.c4 c6 5.b3 Be7 6.O-O O-O 7.d4 Nbd7 8.Nc3 Re8
9.Qd3 Bd6 10.Bf4 Bxf4 11.gxf4 Nh5 12.e3 g6 13.Kh1 f5 14.Rg1 Ndf6 15.Ne5 Re7
16.Bf3 Rg7 17.Rg5 Bd7 18.Rag1 Be8 19.Qd1 Qe7 20.Ne2 Rc8 21.Nc1 Ne4 22.Bxe4 dxe4
23.c5 Qf6 24.Nc4 Rcc7 25.Nd6 Kf8 26.f3 exf3 27.Qxf3 Rcd7 28.Nd3 Qd8 29.Ne5 Rxd6
30.cxd6 Nf6 31.d7 Nxd7 32.e4 Nxe5 33.dxe5 c5 34.exf5 Bc6 35.Qxc6 bxc6 36.fxe6 Qd5+
37.R1g2 Qxe6 38.f5 Qxe5 39.fxg6 Qe1+ 40.Rg1 Qe4+ 41.R1g2 Rxg6  0-1

[Event "CZE-chT 9899"]
[Site "CZE"]
[Date "1999.??.??"]
[Round "5"]
[White "Vavruska, David"]
[Black "Jurek, Josef"]
[Result "1-0"]
[WhiteElo "2300"]
[BlackElo "2395"]

1.Nf3 d5 2.g3 c5 3.Bg2 Nc6 4.d3 Nf6 5.Nbd2 Bg4 6.O-O e6 7.e4 Be7 8.h3 Bh5
9.a3 O-O 10.Qe1 Qc7 11.Nb3 b5 12.exd5 exd5 13.Bf4 Bd6 14.Bxd6 Qxd6 15.Qc3 Nd7
16.Nh4 d4 17.Qd2 Rac8 18.Rfe1 Bg6 19.Nxg6 hxg6 20.Na5 Nd8 21.Nb7 Nxb7 22.Bxb7 Rc7
23.Bg2 Nf6 24.Qa5 a6 25.Re2 Rfc8 26.Rae1 Rd8 27.Re5 Rdc8 28.Qd2 Qb6 29.Re7 Qd6
30.Rxc7 Qxc7 31.Qg5 Re8 32.Rxe8+ Nxe8 33.Qd5 Qe7 34.Kf1 Nc7 35.Qc6 Kh7 36.Be4 Kg8
37.Qb6 Kh7 38.h4 Kg8 39.Bb7 Kh7 40.Bxa6 Nxa6 41.Qxa6 Qd7 42.b3 g5 43.hxg5 Qh3+
44.Kg1 Qg4 45.Qxb5 Qd1+ 46.Kg2 Qxc2 47.a4 Kg6 48.a5 Qc1 49.a6 Qa3 50.Qb7  1-0

[Event "CZE-chT 9899"]
[Site "CZE"]
[Date "1999.??.??"]
[Round "7"]
[White "Mirumian, Vigen"]
[Black "Pisk, Petr"]
[Result "1-0"]
[WhiteElo "2505"]
[BlackElo "2310"]

1.Nf3 d5 2.g3 c6 3.Bg2 Bg4 4.O-O Nf6 5.d3 Nbd7 6.Nbd2 e6 7.e4 Bc5 8.h3 dxe4
9.dxe4 Bh5 10.Qe2 Qc7 11.e5 Nd5 12.c4 N5b6 13.Ne4 Be7 14.g4 Bg6 15.Bf4 Bxe4
16.Qxe4 O-O 17.Rad1 Rfd8 18.Qc2 a5 19.h4 Nf8 20.h5 Rxd1 21.Rxd1 Rd8 22.Bf1 Rxd1
23.Qxd1 Nbd7 24.Bd3 Nc5 25.Bc2 Qb6 26.Bc1 Qa6 27.Qd4 b5 28.h6 gxh6 29.Bxh6 bxc4
30.Ng5 Nd3 31.Bxd3 Bxg5 32.Bxc4 Qb7 33.Bxg5 c5 34.Qd2 Qe4 35.Qe2 Qd4 36.Bd3 c4
37.Bxc4 Ng6 38.Bf6 Nf4 39.Qf3  1-0

[Event "Moravia-chT 9899"]
[Site "CZE"]
[Date "1999.??.??"]
[Round "7"]
[White "Lastovicka, Jiri"]
[Black "Hladik, Josef"]
[Result "1/2-1/2"]
[WhiteElo "2220"]
[BlackElo "2240"]

1.Nf3 d5 2.g3 Nf6 3.Bg2 c6 4.O-O Bf5 5.d3 h6 6.Nbd2 e6 7.Qe1 Nbd7 8.e4 dxe4
9.Nxe4 Nd5 10.a3 Be7 11.b4 O-O 12.Bb2 a5 13.c4 N5f6 14.Rd1 axb4 15.axb4 Ra4
16.Bc3 Qb6 17.Rb1 Rfa8 18.Nxf6+ Bxf6 19.Bxf6 Nxf6 20.Ne5  1/2-1/2

[Event "CZE-chT 9899"]
[Site "CZE"]
[Date "1999.??.??"]
[Round "8"]
[White "Freisler, Pavel"]
[Black "Haba, Petr"]
[Result "1/2-1/2"]
[WhiteElo "2340"]
[BlackElo "2570"]

1.Nf3 d5 2.g3 c5 3.Bg2 Nc6 4.d4 e6 5.O-O cxd4 6.Nxd4 Bc5 7.Nxc6 bxc6 8.c4 Ne7
9.cxd5 cxd5 10.b4 Bd6 11.Bb2 O-O 12.e4 Bb7 13.Qg4 e5 14.exd5 Bxd5 15.Rd1 Bxg2
16.Kxg2 Qb8 17.Nd2 Ng6 18.a3 Be7 19.Nf3 a5 20.h4 Bf6 21.h5 e4 22.Bxf6 exf3+
23.Qxf3 gxf6 24.hxg6 fxg6 25.Rd7 Ra7 26.Qd5+ Kh8 27.Rh1 Rxd7 28.Qxd7 Qa8+
29.f3 h5 30.g4 Rd8 31.Qe7 Rd2+ 32.Kg3 Qb8+ 33.Kh3 Qf4 34.Qf8+ Kh7 35.Qf7+ Kh6
36.Qf8+ Kg5 37.Qc5+ Qe5 38.Qxe5+ fxe5 39.gxh5 gxh5 40.bxa5 Rd3 41.Kg2 Rxa3
42.Re1 Rxa5 43.Re4 Rc5 44.Kg3 Rd5 45.Rxe5+  1/2-1/2

[Event "CZE-chT 9899"]
[Site "CZE"]
[Date "1999.??.??"]
[Round "10"]
[White "Shilov, Sergej"]
[Black "Vanek, Petr"]
[Result "1/2-1/2"]
[WhiteElo "2330"]
[BlackElo "2210"]

1.Nf3 d5 2.g3 g6 3.Bg2 Bg7 4.O-O e5 5.c4 dxc4 6.Qa4+ Nc6 7.Qxc4 Nge7 8.Nc3 O-O
9.d3 h6 10.Bd2 Be6 11.Qa4 f5 12.Rac1 Nd4 13.Qa3 c6 14.Nxd4 exd4 15.Na4 Bd5
16.Bb4 Bxg2 17.Kxg2 Re8 18.Bxe7  1/2-1/2